Normal view MARC view
  • Image registration

Entry Topical Term

Number of records used in: 2

001 - CONTROL NUMBER

  • control field: 83283

003 - CONTROL NUMBER IDENTIFIER

  • control field: NUST

005 - DATE AND TIME OF LATEST TRANSACTION

  • control field: 20211020152912.0

008 - FIXED-LENGTH DATA ELEMENTS

  • fixed length control field: 211020|| aca||aabn | a|a d

040 ## - CATALOGING SOURCE

  • Original cataloging agency: NUST
  • Transcribing agency: NUST

150 ## - HEADING--TOPICAL TERM

  • Topical term or geographic name entry element: Image registration

670 ## - SOURCE DATA FOUND

  • Source citation: Work cat.: (NUST)32462: Goshtasby, Ardeshir. 83282, 2-D and 3-D image registration for medical, remote sensing, and industrial applications /, c2005.
© 2023 Central Library, National University of Sciences and Technology. All Rights Reserved.